000 00507nam a2200181Ia 4500
999 _c36540
_d36540
003 OSt
005 20201217125358.0
008 190216s9999||||xx |||||||||||||| ||und||
020 _a9789812239020
040 _coclc
082 _a423
_bLON/L
100 _aLongman
_96666
245 0 _aLongman Dictionary Of Contemporary English /
_cLongman
260 _bLongmans,
_c1998.
_aEngland:
300 _a2954p
650 _aEnglish Dictionary
942 _cREF
_2ddc
_h423
_iLON/L
_k423
_mLON/L